[Event "ch-GER w"]
[Site "Bonn GER"]
[Date "2011.05.26"]
[Round "1.1"]
[White "Ries, Jutta"]
[Black "Hoolt, Sarah"]
[Result "0-1"]
[BlackTitle "WIM"]
[WhiteElo "1987"]
[BlackElo "2312"]
[WhiteFideId "24674290"]
[BlackFideId "24606812"]
[EventDate "2011.05.26"]

1. f4 d5 2. Nf3 g6 3. e3 Bg7 4. Be2 Nf6 5. b3 c5 6. Bb2 Nc6 7. O-O O-O 8. Ne5
Be6 9. d3 Rc8 10. Nd2 b5 11. c4 a6 12. Rc1 Qb6 13. Nxc6 Rxc6 14. Bf3 Rd6 15. Be5
Rd7 16. Qe2 Rfd8 17. Rc2 dxc4 18. dxc4 Rd3 19. cxb5 axb5 20. Ne4 c4 21. Nxf6+
Bxf6 22. Bxf6 exf6 23. bxc4 Rxe3 24. Qf2 Bxc4 25. Rb1 Qe6 26. Rbc1 f5 27. g3 Re8
28. Rb2 Qa6 29. Rd2 Qa3 30. Bg2 Qxc1+ 0-1

[Event "ch-GER w"]
[Site "Bonn GER"]
[Date "2011.05.26"]
[Round "1.2"]
[White "Klek, Hanna-Marie"]
[Black "Mass, Elvira"]
[Result "1/2-1/2"]
[WhiteElo "2147"]
[BlackElo "1970"]
[WhiteFideId "24670057"]
[BlackFideId "4695623"]
[EventDate "2011.05.26"]

1. e4 e6 2. d4 d5 3. Nc3 Bb4 4. a3 Ba5 5. b4 Bb6 6. Be3 Ne7 7. e5 Nf5 8. Nf3 Nc6
9. Ne2 Nxe3 10. fxe3 f6 11. exf6 Qxf6 12. Nf4 O-O 13. Nd3 Bd7 14. Be2 Qh6 15.
Qd2 Ne7 16. Nde5 Ba4 17. O-O Nf5 18. Ng4 Qg6 19. Nge5 Qh6 20. c4 Qxe3+ 21. Qxe3
Nxe3 22. c5 Nxf1 23. Rxf1 Bxc5 24. bxc5 Bc2 25. Rc1 Bf5 26. Rc3 h6 27. Bb5 c6
28. Be2 Rac8 29. Nd2 Bh7 30. g3 Rc7 31. Nb3 b6 32. cxb6 axb6 33. a4 Ra8 34. Bb5
c5 35. dxc5 bxc5 36. Rxc5 Rxc5 37. Nxc5 Bc2 38. Kf2 Kf8 39. Nxe6+ Ke7 40. Nc5
Kd6 41. Ned3 Rc8 42. Na6 d4 43. Nab4 Bxd3 44. Bxd3 Kc5 45. Nc2 Rf8+ 46. Kg2 Ra8
47. Bb5 d3 48. Bxd3 Rxa4 49. Kf3 Kd5 50. Ke3 Ke5 51. Ne1 Kf6 52. Nf3 Ra2 53. Nd2
Ke5 54. h4 Kf6 55. Ne4+ Ke5 56. Nf2 Ra3 57. Nh3 Kf6 58. Nf4 Ra1 59. Nh5+ Kf7 60.
Kf3 Ra3 1/2-1/2

[Event "ch-GER w"]
[Site "Bonn GER"]
[Date "2011.05.26"]
[Round "1.3"]
[White "Freter, Anke"]
[Black "Lopatin, Olga"]
[Result "1/2-1/2"]
[BlackTitle "WFM"]
[WhiteElo "1954"]
[BlackElo "2125"]
[WhiteFideId "4638727"]
[BlackFideId "4640721"]
[EventDate "2011.05.26"]

1. e4 c5 2. Nc3 Nc6 3. g3 g6 4. Bg2 Bg7 5. d3 d6 6. Be3 e6 7. Qd2 Nge7 8. Nge2
Nd4 9. Nd1 Qc7 10. O-O O-O 11. c3 Nxe2+ 12. Qxe2 Bd7 13. f4 a6 14. a4 Rae8 15.
Kh1 f5 16. Bg1 e5 17. fxe5 dxe5 18. exf5 gxf5 19. Ne3 Be6 20. Nc2 c4 21. d4 e4
22. Be3 Nd5 23. Bf4 Nxf4 24. Rxf4 Rf6 25. Ne3 Bh6 26. Rf2 Ref8 27. Rd1 Bxe3 28.
Qxe3 Bd5 29. Rdf1 Qg7 30. Rf4 a5 31. Bh3 Qg5 32. Bg2 Rb6 33. Bxe4 Bxe4+ 34. Rxe4
Qxe3 35. Rxe3 Rxb2 36. Re5 1/2-1/2

[Event "ch-GER w"]
[Site "Bonn GER"]
[Date "2011.05.26"]
[Round "1.4"]
[White "Vogel, Heike"]
[Black "Kohls, Vera"]
[Result "1-0"]
[WhiteTitle "WFM"]
[WhiteElo "2122"]
[BlackElo "1878"]
[WhiteFideId "4683137"]
[BlackFideId "24612839"]
[EventDate "2011.05.26"]

1. d4 Nf6 2. Bg5 e6 3. Nd2 Be7 4. e4 h6 5. Bxf6 Bxf6 6. e5 Bg5 7. h4 Bxd2+ 8.
Qxd2 b6 9. Rh3 Bb7 10. Rg3 g6 11. h5 g5 12. f4 Rg8 13. fxg5 Rxg5 14. Rxg5 Qxg5
15. Qxg5 hxg5 16. Nh3 g4 17. Nf2 g3 18. Nh1 Be4 19. c3 Nc6 20. Nxg3 Bh7 21. Kf2
f6 22. exf6 Kf7 23. Be2 Kxf6 24. Bf3 d5 25. Re1 Ne7 26. Ne2 Kg5 27. g4 Rf8 28.
Kg3 c5 29. Ng1 Kf6 30. Nh3 Kf7 31. Ng5+ 1-0

[Event "ch-GER w"]
[Site "Bonn GER"]
[Date "2011.05.26"]
[Round "1.5"]
[White "Reiter, Brigitte"]
[Black "Leveikina, Jevgenija"]
[Result "0-1"]
[WhiteElo "1863"]
[BlackElo "2100"]
[WhiteFideId "4608534"]
[BlackFideId "4682157"]
[EventDate "2011.05.26"]

1. d4 Nf6 2. Nf3 d5 3. Bf4 c6 4. c3 Bf5 5. e3 e6 6. Nbd2 Nbd7 7. h3 Be7 8. Be2
O-O 9. Ne5 Nxe5 10. dxe5 Nd7 11. g4 Bg6 12. Nf3 Qb6 13. Qb3 Nc5 14. Qxb6 axb6
15. O-O Na4 16. c4 Nxb2 17. cxd5 exd5 18. Nd4 Ra4 19. Nf5 Bxf5 20. gxf5 Rfa8 21.
Rfb1 Rxa2 22. Rxa2 Rxa2 23. Bg4 Nc4 24. f6 gxf6 25. exf6 Bxf6 26. Bc8 Ra1 27.
Rxa1 Bxa1 28. Bxb7 Na5 29. Ba8 d4 30. Bc7 d3 31. Kf1 Nc4 32. Bxc6 Nd2+ 33. Ke1
Bc3 34. Kd1 Nc4 35. Kc1 Be1 36. Bf3 Bxf2 37. e4 Be3+ 38. Kb1 Nd2+ 0-1

[Event "ch-GER w"]
[Site "Bonn GER"]
[Date "2011.05.26"]
[Round "1.6"]
[White "Schulz, Stefanie"]
[Black "Aden, Dagmar"]
[Result "1/2-1/2"]
[WhiteTitle "WFM"]
[WhiteElo "2082"]
[BlackElo "1817"]
[WhiteFideId "4693060"]
[BlackFideId "24691461"]
[EventDate "2011.05.26"]

1. e4 c5 2. Nc3 Nc6 3. f4 d6 4. Nf3 Nf6 5. Bc4 g6 6. O-O Bg7 7. d3 O-O 8. h3 a6
9. a4 Nd7 10. Ne2 Nb6 11. Bb3 Na5 12. c3 Nxb3 13. Qxb3 Be6 14. c4 Rb8 15. Bd2
Nd7 16. Ng5 Qb6 17. Qa2 h6 18. Nxe6 fxe6 19. Rab1 Kh7 20. Be3 Qc6 21. Kh1 Nb6
22. a5 Qa4 23. Qxa4 Nxa4 24. e5 dxe5 25. b3 exf4 26. Bxf4 e5 27. Be3 Rxf1+ 28.
Rxf1 Nb2 29. Bxc5 Nxd3 30. Bxe7 Re8 31. Bd6 Kg8 32. Nc1 Nxc1 33. Rxc1 e4 34. Rc2
Kf7 35. Re2 Bc3 36. Bc7 Re7 37. Bb6 Re5 38. Kg1 Bxa5 39. Bxa5 Rxa5 40. Rxe4 Ra3
41. Re3 a5 42. Kf2 a4 43. bxa4 Rxa4 44. Rc3 Ke6 45. Ke3 Ke5 46. Kd3 Rb4 47. Rc1
Rb3+ 48. Ke2 g5 49. Rd1 Rc3 50. Rb1 Rxc4 51. Rxb7 Kf4 52. Rb3 Rc2+ 53. Kf1 1/2-1/2

[Event "ch-GER w"]
[Site "Bonn GER"]
[Date "2011.05.28"]
[Round "3.1"]
[White "Vogel, Heike"]
[Black "Hoolt, Sarah"]
[Result "1-0"]
[WhiteTitle "WFM"]
[BlackTitle "WIM"]
[WhiteElo "2122"]
[BlackElo "2312"]
[WhiteFideId "4683137"]
[BlackFideId "24606812"]
[EventDate "2011.05.26"]

1. d4 d5 2. Nf3 Nf6 3. Bf4 c5 4. e3 Nc6 5. c3 Qb6 6. Qb3 c4 7. Qxb6 axb6 8. Na3
Bf5 9. Nh4 Bd7 10. Be2 Ne4 11. Nb5 Ra5 12. a4 e5 13. dxe5 g5 14. f3 gxf4 15.
fxe4 dxe4 16. exf4 Nxe5 17. b4 Rxb5 18. axb5 Nd3+ 19. Kd2 Be7 20. Ra8+ Bd8 21.
g3 O-O 22. Ng2 Bxb5 23. Ne3 f6 24. Nf5 Bc6 25. Rha1 b5 26. Nd4 Bd5 27. Nxb5 Bb6
28. Rxf8+ Kxf8 29. Bxd3 cxd3 30. Nd4 Kf7 31. Ra8 Kg6 32. g4 Bc7 33. Ke3 h5 34.
f5+ Kh7 35. gxh5 Bxh2 36. Ra1 Be5 37. Rg1 Kh6 38. c4 Bxc4 39. Kxe4 Kxh5 40. Nf3
Bd6 41. Kd4 Bb5 42. Ke3 d2 43. Nxd2 Bxb4 44. Ne4 Be7 45. Rg7 Bd8 46. Rxb7 Bc6
47. Rb8 Bxe4 48. Kxe4 Ba5 49. Rg8 Kh6 50. Rg6+ Kh7 51. Rxf6 Kg7 52. Rc6 Kf7 53.
f6 Kg6 54. Ke5 Bd8 55. Ra6 1-0

[Event "ch-GER w"]
[Site "Bonn GER"]
[Date "2011.05.28"]
[Round "3.3"]
[White "Klek, Hanna-Marie"]
[Black "Schmidt, Jade"]
[Result "1/2-1/2"]
[WhiteElo "2147"]
[BlackElo "2075"]
[WhiteFideId "24670057"]
[BlackFideId "24630500"]
[EventDate "2011.05.26"]

1. e4 c5 2. Nf3 d6 3. d4 cxd4 4. Nxd4 Nf6 5. Nc3 Nc6 6. Bg5 e6 7. Qd2 a6 8.
O-O-O Bd7 9. f4 b5 10. a3 Qb6 11. e5 h6 12. Bxf6 Qxd4 13. Qxd4 Nxd4 14. Rxd4
gxf6 15. exd6 Bc6 16. a4 Rb8 17. axb5 axb5 18. Rg1 Kd7 19. Be2 h5 20. g3 f5 21.
Rgd1 h4 22. Rb4 hxg3 23. hxg3 Rh3 24. Bxb5 Bxb5 25. Rxb5 Rxb5 26. Nxb5 Rxg3 27.
c4 Rg4 28. c5 Rxf4 29. Nd4 Re4 30. b4 e5 31. Nc2 f4 32. Rd3 Rc4 33. Rh3 e4 34.
Rh7 Ke6 35. Rh8 f3 36. Kd2 Bxd6 37. Rh6+ f6 38. cxd6 f2 39. Rh1 Kxd6 40. Rf1 e3+
41. Nxe3 Rxb4 42. Rxf2 Rb2+ 43. Nc2 Ke5 44. Kc3 Rb8 45. Ne3 Rf8 46. Ng4+ Ke6 47.
Kd4 Rd8+ 48. Ke3 Rf8 49. Kf4 Ra8 50. Re2+ Kf7 51. Nf2 Ra1 52. Rb2 Ra6 53. Ne4 1/2-1/2

[Event "ch-GER w"]
[Site "Bonn GER"]
[Date "2011.05.28"]
[Round "3.4"]
[White "Schulz, Stefanie"]
[Black "Leveikina, Jevgenija"]
[Result "1-0"]
[WhiteTitle "WFM"]
[WhiteElo "2082"]
[BlackElo "2100"]
[WhiteFideId "4693060"]
[BlackFideId "4682157"]
[EventDate "2011.05.26"]

1. e4 c6 2. d3 d5 3. Nd2 g6 4. g3 Bg7 5. Bg2 dxe4 6. dxe4 Nf6 7. Ngf3 O-O 8. O-O
Nbd7 9. Nd4 e5 10. N4b3 a5 11. a4 b5 12. c4 Qb6 13. Qc2 Rd8 14. h3 Nf8 15. c5
Qc7 16. Nf3 Ba6 17. Re1 bxa4 18. Rxa4 Bb5 19. Ra3 a4 20. Nbd2 Ne6 21. Nc4 Nd7
22. Be3 Bf8 23. Rc3 f6 24. Na3 Qa5 25. Rc1 Rab8 26. Nxb5 Qxb5 27. Bf1 Qa5 28.
Bc4 Re8 29. Ra1 Kh8 30. Rxa4 Qc7 31. b4 Bg7 32. Qa2 Ndf8 33. Ra7 Rb7 34. Rca3
Rxa7 35. Rxa7 Qb8 36. Qa5 Qc8 37. Qa6 Qb8 38. Rb7 Qd8 39. Qxc6 Qd1+ 40. Kg2 Qd8
41. Bxe6 Nxe6 42. Rd7 1-0

[Event "ch-GER w"]
[Site "Bonn GER"]
[Date "2011.05.28"]
[Round "3.6"]
[White "Reiter, Brigitte"]
[Black "Aden, Dagmar"]
[Result "1/2-1/2"]
[WhiteElo "1863"]
[BlackElo "1817"]
[WhiteFideId "4608534"]
[BlackFideId "24691461"]
[EventDate "2011.05.26"]

1. d4 d5 2. Nf3 Nf6 3. Bf4 e6 4. Nbd2 c5 5. c3 cxd4 6. cxd4 Nc6 7. e3 Bb4 8. a3
Ba5 9. b4 Bb6 10. Bd3 h6 11. h3 Bc7 12. Bxc7 Qxc7 13. Rc1 Qe7 14. Qc2 a6 15. Ne5
Bd7 16. Nxd7 Nxd7 17. O-O O-O 18. f4 Rac8 19. Qd1 Na7 20. Qb3 Nf6 21. Nf3 Rxc1
22. Rxc1 Rc8 23. Rxc8+ Nxc8 24. Qc3 Nd6 25. Nd2 Qd7 26. Qc5 1/2-1/2

[Event "ch-GER w"]
[Site "Bonn GER"]
[Date "2011.05.28"]
[Round "3.8"]
[White "Ries, Jutta"]
[Black "Kohls, Vera"]
[Result "1/2-1/2"]
[WhiteElo "1987"]
[BlackElo "1878"]
[WhiteFideId "24674290"]
[BlackFideId "24612839"]
[EventDate "2011.05.26"]

1. d4 e6 2. Nf3 Nf6 3. g3 b6 4. Bg2 Bb7 5. O-O Be7 6. c4 O-O 7. Nc3 Ne4 8. d5
Nxc3 9. bxc3 Bf6 10. Nd4 e5 11. Nb3 d6 12. Rb1 Nd7 13. Be3 Qe7 14. Na5 Rab8 15.
Nxb7 Rxb7 16. Qa4 e4 17. Qc2 Re8 18. a4 a5 19. Bd4 Rbb8 20. Rfd1 Bxd4 21. cxd4
f5 22. Rb3 Nf6 23. Rdb1 Qd7 24. Rb5 Rec8 25. Qa2 Kh8 26. c5 dxc5 27. dxc5 Qxd5
28. Qc2 Qe6 29. Bh3 g6 30. Qb2 Kg7 31. Rc1 Re8 32. e3 Kh6 33. Bf1 Nd7 34. cxb6
cxb6 35. Rc7 Qd6 36. Qc3 Ne5 37. h3 Rbd8 38. Rb7 Nd7 39. Kg2 Re7 40. Bc4 Rc8 1/2-1/2

[Event "ch-GER w"]
[Site "Bonn GER"]
[Date "2011.05.29"]
[Round "4"]
[White "Frey, Alisa"]
[Black "Vogel, Heike"]
[Result "1-0"]
[BlackTitle "WFM"]
[WhiteElo "2059"]
[BlackElo "2122"]
[WhiteFideId "24634662"]
[BlackFideId "4683137"]
[EventDate "2011.05.26"]

1. e4 c6 2. d4 d5 3. Nc3 dxe4 4. Nxe4 Nf6 5. Nxf6+ gxf6 6. c3 Bf5 7. Nf3 Qc7 8.
g3 Nd7 9. Bg2 Bg7 10. O-O Bg4 11. Re1 e5 12. Qa4 b5 13. Qc2 O-O 14. Nh4 Rfe8 15.
Nf5 Bxf5 16. Qxf5 Rad8 17. Be4 Nf8 18. Be3 a6 19. Qg4 Kh8 20. h4 exd4 21. Bxd4
c5 22. Be3 Qe5 23. Bc2 Rd5 24. Bd2 Qh5 25. Qxh5 Rxe1+ 26. Rxe1 Rxh5 27. Re8 Re5
28. Rd8 Kg8 29. Kf1 f5 30. Bf4 Bf6 31. Rd6 Re6 32. Bxf5 Rxd6 33. Bxd6 b4 34.
cxb4 cxb4 35. b3 a5 36. Bc7 Ne6 37. Bxe6 fxe6 38. Bxa5 Be7 39. Bb6 h5 40. Ke2
Kf7 41. Kd3 Kf6 42. Ke4 Bd6 43. Be3 Kg6 44. Bf4 Bc5 45. f3 Bf2 46. Bd6 Be1 47.
Kf4 Kf6 48. g4 Bd2+ 49. Ke4 hxg4 50. fxg4 Be1 51. h5 Bc3 52. Bf4 e5 53. g5+ Ke6
54. Be3 1-0

[Event "ch-GER w"]
[Site "Bonn GER"]
[Date "2011.05.29"]
[Round "4"]
[White "Hoolt, Sarah"]
[Black "Schulz, Stefanie"]
[Result "1-0"]
[WhiteTitle "WIM"]
[BlackTitle "WFM"]
[WhiteElo "2312"]
[BlackElo "2082"]
[WhiteFideId "24606812"]
[BlackFideId "4693060"]
[EventDate "2011.05.26"]

1. e4 c5 2. Nf3 Nc6 3. d4 cxd4 4. Nxd4 Nf6 5. Nc3 g6 6. Nxc6 bxc6 7. e5 Nd5 8.
Nxd5 cxd5 9. Qxd5 Rb8 10. Bc4 e6 11. Qd2 Bg7 12. f4 Bxe5 13. fxe5 Qh4+ 14. Qf2
Qxc4 15. Rf1 Ba6 16. Qxf7+ Kd8 17. Bg5+ Kc7 18. O-O-O Bb5 19. Rf3 Qe4 20. Ra3
Rb7 21. Be7 Kb8 22. Bd6+ Ka8 23. Rc3 Qxg2 24. h4 h5 25. b3 Bc6 26. Rf1 a5 27.
Rf4 Ka7 28. Kb2 a4 29. Rd4 axb3 30. axb3 Ka8 31. Rb4 Rxb4 32. Bxb4 Kb7 33. Bf8
Qh2 34. Qg7 Rxf8 35. Qxf8 Qxe5 36. Qb4+ Kc7 37. Ka2 Qe2 38. Qc5 Qa6+ 39. Kb2 Qb6
40. Qe5+ Kb7 41. Rc4 Qb5 42. Qd6 Qa5 43. Rb4+ Ka7 44. Rc4 Kb7 45. Rc5 Qe1 46.
Qd4 Qe4 47. Qf6 Kc7 48. Ra5 Qb4 49. Ra7+ Kb8 50. Ra1 Kc7 51. Rg1 Qe4 52. Rxg6 e5
53. Qd6+ Kb7 54. Rg8 Qd4+ 55. Qxd4 exd4 56. Rf8 Bb5 57. Rf4 d3 58. c4 1-0

[Event "ch-GER w"]
[Site "Bonn GER"]
[Date "2011.05.29"]
[Round "4"]
[White "Lopatin, Olga"]
[Black "Klek, Hanna-Marie"]
[Result "1/2-1/2"]
[WhiteTitle "WFM"]
[WhiteElo "2125"]
[BlackElo "2147"]
[WhiteFideId "4640721"]
[BlackFideId "24670057"]
[EventDate "2011.05.26"]

1. d4 Nf6 2. Nc3 g6 3. e4 d6 4. Be2 Bg7 5. h4 h5 6. Nh3 a6 7. a4 b6 8. Ng5 Bb7
9. Qd3 Nc6 10. Nd1 e5 11. c3 exd4 12. cxd4 Qe7 13. f3 O-O 14. Be3 Nb4 15. Qd2 c5
16. O-O Nc6 17. d5 Nd4 18. Bxd4 cxd4 19. Rc1 Rfc8 20. Nf2 Nd7 21. f4 Nc5 22. Bd1
a5 23. Re1 Re8 24. Bc2 Qd7 25. b4 axb4 26. Qxb4 Ba6 27. Rcd1 d3 28. Nxd3 Bxd3
29. Bxd3 Rxa4 30. Qb1 Ra1 31. Qb5 Qxb5 32. Bxb5 Rea8 33. Rxa1 Rxa1 34. Rxa1 Bxa1
35. Be8 Kg7 36. Kf2 Bf6 37. Ke3 Kf8 1/2-1/2

[Event "ch-GER w"]
[Site "Bonn GER"]
[Date "2011.05.29"]
[Round "4"]
[White "Schmidt, Jade"]
[Black "Reiter, Brigitte"]
[Result "1-0"]
[WhiteElo "2075"]
[BlackElo "1863"]
[WhiteFideId "24630500"]
[BlackFideId "4608534"]
[EventDate "2011.05.26"]

1. d4 d5 2. c4 c6 3. cxd5 cxd5 4. Nc3 Nf6 5. Bf4 a6 6. e3 Nc6 7. Rc1 e6 8. Bd3
Bd6 9. Bg3 h6 10. Nf3 Qe7 11. Bb1 Bd7 12. Ne5 Rc8 13. O-O Bxe5 14. dxe5 Ng8 15.
e4 d4 16. Na4 h5 17. Nb6 Rc7 18. f4 Qb4 19. Nc4 Qe7 20. Nd6+ Kd8 21. Bf2 f6 22.
Bxd4 fxe5 23. fxe5 Nh6 24. Bb6 1-0

[Event "ch-GER w"]
[Site "Bonn GER"]
[Date "2011.05.29"]
[Round "4"]
[White "Mass, Elvira"]
[Black "Freter, Anke"]
[Result "0-1"]
[WhiteElo "1970"]
[BlackElo "1954"]
[WhiteFideId "4695623"]
[BlackFideId "4638727"]
[EventDate "2011.05.26"]

1. e4 c5 2. c3 d5 3. exd5 Qxd5 4. Nf3 Nf6 5. d4 e6 6. Na3 a6 7. Bc4 Qd8 8. Nc2
b5 9. Be2 Nc6 10. Bg5 Bb7 11. O-O Be7 12. a4 Qb6 13. Na3 cxd4 14. axb5 axb5 15.
Nxb5 Rxa1 16. Qxa1 dxc3 17. Be3 Qa5 18. Qxa5 Nxa5 19. Bb6 Nc6 20. Nc7+ Kd7 21.
Rd1+ Kc8 22. Na6 Nd5 23. Bd4 Nxd4 24. Nxd4 cxb2 25. Rb1 Nc3 26. Rxb2 Nxe2+ 27.
Rxe2 Bxa6 28. Rc2+ Kd7 29. Ra2 Rb8 30. h3 Rb1+ 31. Kh2 Bb7 32. f3 Bd6+ 33. g3
Bc5 34. Rd2 Bxd4 35. Rxd4+ Bd5 36. Rd3 Rb3 0-1

[Event "ch-GER w"]
[Site "Bonn GER"]
[Date "2011.05.29"]
[Round "4"]
[White "Leveikina, Jevgenija"]
[Black "Ries, Jutta"]
[Result "1-0"]
[WhiteElo "2100"]
[BlackElo "1987"]
[WhiteFideId "4682157"]
[BlackFideId "24674290"]
[EventDate "2011.05.26"]

1. d4 Nf6 2. Nf3 g6 3. g3 Bg7 4. Bg2 O-O 5. O-O c5 6. c3 cxd4 7. cxd4 d6 8. Nc3
Nc6 9. h3 Rb8 10. d5 Nb4 11. e4 Na6 12. Be3 Ra8 13. Nd4 Ne8 14. Qd2 Nc5 15. Rac1
a6 16. Kh2 e5 17. dxe6 Nxe6 18. Nde2 Qe7 19. Nd5 Qd8 20. Bb6 Qd7 21. Ba5 b5 22.
Nb6 Qb7 23. e5 1-0

[Event "ch-GER w"]
[Site "Bonn GER"]
[Date "2011.05.30"]
[Round "5"]
[White "Freter, Anke"]
[Black "Frey, Alisa"]
[Result "0-1"]
[WhiteElo "1954"]
[BlackElo "2059"]
[WhiteFideId "4638727"]
[BlackFideId "24634662"]
[EventDate "2011.05.26"]

1. e4 c5 2. Nf3 d6 3. d4 cxd4 4. Nxd4 Nf6 5. Nc3 a6 6. Bg5 Nbd7 7. Be2 Qa5 8.
Qd2 b5 9. Nb3 Qc7 10. f4 Bb7 11. Bf3 e6 12. a3 Be7 13. O-O O-O 14. Rad1 Rfd8 15.
Qe1 Rab8 16. Kh1 Nb6 17. Nd4 Nc4 18. a4 Nxb2 19. axb5 Nxd1 20. Nxd1 axb5 21.
Nxb5 Qxc2 22. Ndc3 Ba6 23. Rf2 Qb3 24. Nd4 Qxc3 0-1

[Event "ch-GER w"]
[Site "Bonn GER"]
[Date "2011.05.30"]
[Round "5"]
[White "Vogel, Heike"]
[Black "Schmidt, Jade"]
[Result "0-1"]
[WhiteTitle "WFM"]
[WhiteElo "2122"]
[BlackElo "2075"]
[WhiteFideId "4683137"]
[BlackFideId "24630500"]
[EventDate "2011.05.26"]

1. d4 d5 2. Bf4 Nf6 3. e3 c5 4. Bd3 Nc6 5. c3 Qb6 6. b3 Bg4 7. f3 Bd7 8. Ne2 e6
9. Nd2 cxd4 10. exd4 Be7 11. Nf1 Nh5 12. Be3 Rc8 13. g4 Nf6 14. Bf4 Na5 15. Nfg3
Bb5 16. O-O Bxd3 17. Qxd3 Qa6 18. Qe3 b5 19. Qe5 Nc6 20. Qg5 h5 21. Be5 h4 22.
Nh1 b4 23. Rae1 Qd3 24. Qc1 bxc3 25. Qxc3 Qxc3 26. Nxc3 Nxe5 27. dxe5 Rxc3 28.
exf6 Bxf6 29. Rc1 Kd7 30. Rxc3 Bxc3 31. Rd1 Rc8 32. Nf2 Ba5 33. Nd3 Rc2 34. a4
Bb6+ 35. Kh1 f6 36. h3 Kd6 37. Nf4 Rc3 38. Kg2 Rxb3 39. Ng6 Rb2+ 40. Kh1 d4 41.
Nxh4 Kd5 42. Ng2 e5 43. Ne3+ Ke6 44. Nc4 Rb4 45. Nxb6 axb6 46. Ra1 d3 47. Kg1
Kd5 48. Kf2 Kd4 49. Ra2 Rc4 50. Rd2 Rc2 51. Ke1 Ke3 52. Rd1 d2+ 0-1

[Event "ch-GER w"]
[Site "Bonn GER"]
[Date "2011.05.30"]
[Round "5"]
[White "Klek, Hanna-Marie"]
[Black "Leveikina, Jevgenija"]
[Result "0-1"]
[WhiteElo "2147"]
[BlackElo "2100"]
[WhiteFideId "24670057"]
[BlackFideId "4682157"]
[EventDate "2011.05.26"]

1. e4 c6 2. d4 d5 3. f3 e6 4. Nc3 Bb4 5. Qd3 b6 6. Ne2 Ba6 7. Qe3 Ne7 8. Bd2 O-O
9. a3 Bd6 10. O-O-O c5 11. exd5 exd5 12. Qg5 f6 13. Qh5 g6 14. Qh3 Bc8 15. g4
Nbc6 16. Nb5 Bb8 17. Be3 c4 18. Qg2 a6 19. Nbc3 b5 20. h4 b4 21. axb4 Nxb4 22.
h5 g5 23. h6 Ng6 24. f4 a5 25. fxg5 fxg5 26. Rh5 Nh4 27. Qh1 Nf3 28. Bh3 Qe8 29.
Bxg5 Qg6 30. Kb1 Nxg5 31. Nxd5 Qxc2+ 32. Ka1 Qa4+ 33. Kb1 Qc2+ 34. Ka1 Qa4+ 35.
Kb1 Qa2+ 36. Kc1 Qa1+ 37. Kd2 Qxb2+ 0-1

[Event "ch-GER w"]
[Site "Bonn GER"]
[Date "2011.05.30"]
[Round "5"]
[White "Schulz, Stefanie"]
[Black "Lopatin, Olga"]
[Result "1/2-1/2"]
[WhiteTitle "WFM"]
[BlackTitle "WFM"]
[WhiteElo "2082"]
[BlackElo "2125"]
[WhiteFideId "4693060"]
[BlackFideId "4640721"]
[EventDate "2011.05.26"]

1. e4 c5 2. Nf3 a6 3. c4 d6 4. d4 cxd4 5. Nxd4 Nf6 6. Nc3 g6 7. Be2 Bg7 8. O-O
Nc6 9. Be3 Bd7 10. Rc1 O-O 11. Nc2 Rb8 12. f3 Ne8 13. Qd2 Be6 14. b4 Ne5 15. Nd5
b5 16. cxb5 axb5 17. Nd4 Bd7 18. Rfd1 e6 19. Nc3 Nc4 20. Bxc4 bxc4 21. a3 Qc8
22. b5 e5 23. Nc2 Bxb5 24. Nxb5 Rxb5 25. a4 c3 26. Qd3 Ra5 27. Nb4 Rxa4 28. Rxc3
Qa8 29. Nd5 Ra1 30. Rxa1 Qxa1+ 31. Rc1 Qa2 32. Rd1 h5 33. Rd2 Qa1+ 34. Rd1 Qa2 1/2-1/2

[Event "ch-GER w"]
[Site "Bonn GER"]
[Date "2011.05.30"]
[Round "5"]
[White "Kohls, Vera"]
[Black "Mass, Elvira"]
[Result "0-1"]
[WhiteElo "1878"]
[BlackElo "1970"]
[WhiteFideId "24612839"]
[BlackFideId "4695623"]
[EventDate "2011.05.26"]

1. d4 d5 2. Nf3 Nf6 3. Bg5 Ne4 4. Bh4 c5 5. e3 Qb6 6. Qc1 cxd4 7. exd4 Nc6 8. c3
Bf5 9. Nbd2 e6 10. Be2 Bd6 11. Nxe4 Bxe4 12. Bg3 Bxg3 13. hxg3 Rc8 14. Qd2 f6
15. O-O g5 16. Ne1 h5 17. Bd3 Qc7 18. Qe3 Qh7 19. f3 Bf5 20. Bxf5 Qxf5 21. Nd3
Kf7 22. Kf2 Rce8 23. Qd2 e5 24. dxe5 fxe5 25. Nc5 e4 26. Qe3 b6 27. Kg1 exf3 28.
Qxf3 Qxf3 29. Rxf3+ Kg6 30. Nb3 Rhf8 31. Rd1 Rxf3 32. gxf3 Re5 33. Kf2 h4 34.
gxh4 gxh4 35. f4 Rf5 36. Ke3 Kh5 37. Nd4 Nxd4 38. cxd4 h3 39. Kf3 Kh4 40. Re1 h2
41. Kg2 Rxf4 42. Re7 Rxd4 43. Rxa7 Rd2+ 44. Kh1 Rxb2 45. Rd7 Kg3 46. Rg7+ Kf3
47. Rb7 d4 48. a4 d3 49. Rd7 d2 50. Rf7+ Ke4 51. Rf1 Ke3 52. a5 Ke2 0-1

[Event "ch-GER w"]
[Site "Bonn GER"]
[Date "2011.05.30"]
[Round "5"]
[White "Reiter, Brigitte"]
[Black "Ries, Jutta"]
[Result "1/2-1/2"]
[WhiteElo "1863"]
[BlackElo "1987"]
[WhiteFideId "4608534"]
[BlackFideId "24674290"]
[EventDate "2011.05.26"]

1. d4 Nf6 2. Nf3 d6 3. Bf4 c6 4. c3 Bf5 5. Nbd2 Nbd7 6. h3 Ne4 7. Nxe4 Bxe4 8.
Nd2 Bg6 9. e4 e5 10. Bg3 exd4 11. cxd4 Qb6 12. Nc4 Qb4+ 13. Qd2 d5 14. a3 Qxd2+
15. Nxd2 dxe4 16. Bc4 Nb6 17. Ba2 Rd8 18. Nb3 Na4 19. Na5 Nxb2 20. O-O Rd7 21.
Rfb1 Bxa3 22. Bxf7+ Bxf7 23. Rxa3 Nc4 24. Nxc4 Bxc4 25. Rxa7 b5 26. Rba1 Rxa7
27. Rxa7 O-O 28. Be5 Rf7 29. Ra8+ Rf8 1/2-1/2

[Event "ch-GER w"]
[Site "Bonn GER"]
[Date "2011.05.31"]
[Round "6.1"]
[White "Schmidt, Jade"]
[Black "Frey, Alisa"]
[Result "1/2-1/2"]
[WhiteElo "2075"]
[BlackElo "2059"]
[WhiteFideId "24630500"]
[BlackFideId "24634662"]
[EventDate "2011.05.26"]

1. d4 Nf6 2. c4 g6 3. Nc3 d5 4. cxd5 Nxd5 5. Bd2 Bg7 6. e4 Nb6 7. Be3 O-O 8. Be2
Nc6 9. Nf3 Bg4 10. d5 Na5 11. Bd4 Bxf3 12. gxf3 Qd6 13. Nb5 Qb4+ 14. Bc3 Bxc3+
15. bxc3 Qc5 16. Qd4 Qxd4 1/2-1/2

[Event "ch-GER w"]
[Site "Bonn GER"]
[Date "2011.05.31"]
[Round "6.2"]
[White "Hoolt, Sarah"]
[Black "Leveikina, Jevgenija"]
[Result "1-0"]
[WhiteTitle "WIM"]
[WhiteElo "2312"]
[BlackElo "2100"]
[WhiteFideId "24606812"]
[BlackFideId "4682157"]
[EventDate "2011.05.26"]

1. e4 c6 2. d4 d5 3. Nc3 dxe4 4. Nxe4 Nf6 5. Nxf6+ gxf6 6. c3 Bf5 7. Bf4 Nd7 8.
Nf3 e6 9. Be2 Be7 10. O-O h5 11. Nh4 Bh7 12. Re1 f5 13. Bxh5 Bxh4 14. Rxe6+ Kf8
15. Bh6+ Kg8 16. Qb3 Nb6 17. Rae1 Nd5 18. Qxb7 Nc7 19. Qxc7 Qxc7 20. Re8+ Rxe8
21. Rxe8# 1-0